Система менеджмента качества. Практика работы; Библиотечные технологии: наука о мастерстве; № 3

Podrobná bibliografie
Parent link:Библиотечные технологии: наука о мастерстве.— , 2009-
№ 3.— 2010.— [С. 5-6 ]
Hlavní autor: Чуприкова Н. Т. Наталья Трофимовна
Shrnutí:Заглавие с титульного экрана
Электронная версия печатной публикации
Jazyk:ruština
Vydáno: 2010
Témata:
On-line přístup:http://www.lib.tpu.ru/fulltext/m/2011/m10.pdf
Médium: Elektronický zdroj Kapitola
KOHA link:https://koha.lib.tpu.ru/cgi-bin/koha/opac-detail.pl?biblionumber=448088

MARC

LEADER 00000naa2a2200000 4500
001 448088
005 20260203090121.0
035 |a (RuTPU)RU\TPU\prd\110064 
090 |a 448088 
100 |a 20110517d2010 k y0rusy50 ca 
101 0 |a rus 
102 |a RU 
135 |a vrcn ---uucaa 
181 0 |a i  
182 0 |a b 
200 1 |a Система менеджмента качества. Практика работы  |f Н. Т. Чуприкова 
203 |a Текст  |c электронный 
210 |d 2010 
300 |a Заглавие с титульного экрана 
300 |a Электронная версия печатной публикации 
337 |a Adobe Reader 
461 1 |0 (RuTPU)RU\TPU\prd\75012  |t Библиотечные технологии: наука о мастерстве  |d 2009- 
463 1 |0 (RuTPU)RU\TPU\prd\84080  |t № 3  |v [С. 5-6 ]  |d 2010 
610 1 |a СМК 
610 1 |a система менеджмента качества 
610 1 |a НТБ ТПУ 
610 1 |a библиотеки 
610 1 |a библиотечная работа 
610 1 |a библиотечное дело 
610 1 |a статьи 
610 1 |a труды учёных ТПУ 
610 1 |a электронный ресурс 
700 1 |a Чуприкова  |b Н. Т.  |c главный библиотекарь-технолог НТБ Томского политехнического университета  |f 1956-  |g Наталья Трофимовна  |3 (RuTPU)RU\TPU\pers\24236  |9 10722 
801 2 |a RU  |b 63413507  |c 20130325  |g RCR 
856 4 |u http://www.lib.tpu.ru/fulltext/m/2011/m10.pdf 
942 |c BK